Diagnosis and management of HIV/AIDS (Record no. 6548)
[ view plain ]
| 000 -LEADER | |
|---|---|
| fixed length control field | 00622 a2200181 4500 |
| 001 - CONTROL NUMBER | |
| control field | 132167 |
| 003 - CONTROL NUMBER IDENTIFIER | |
| control field | OSt |
| 005 - DATE AND TIME OF LATEST TRANSACTION | |
| control field | 20211012125601.0 |
| 008 - FIXED-LENGTH DATA ELEMENTS--GENERAL INFORMATION | |
| fixed length control field | |
| 082 ## - DEWEY DECIMAL CLASSIFICATION NUMBER | |
| Classification number | 616.979201 |
| Item number | D55D |
| 245 1# - TITLE STATEMENT | |
| Title | Diagnosis and management of HIV/AIDS |
| Statement of responsibility, etc | edited by Usha K. Baveja and B. B. Rewari |
| 260 ## - PUBLICATION, DISTRIBUTION, ETC. (IMPRINT) | |
| Place of publication, distribution, etc | Uk |
| Name of publisher, distributor, etc | Anshan |
| Date of publication, distribution, etc | 2005 |
| 300 ## - PHYSICAL DESCRIPTION | |
| Extent | 476p. |
| 690 ## - LOCAL SUBJECT ADDED ENTRY--TOPICAL TERM (OCLC, RLIN) | |
| Topical term or geographic name as entry element | India; AIDS (Disease)--Diagnosis; Antiviral agents--Therapeutic use; AIDS (Disease)--Treatment; HIV infections--Treatment; AIDS (Disease)--Chemotherapy |
| 700 ## - ADDED ENTRY--PERSONAL NAME | |
| Personal name | Baveja, Usha K |
| Relator term | Editor |
| 700 ## - ADDED ENTRY--PERSONAL NAME | |
| Personal name | Rewari, B. B |
| Relator term | Editor |
| 942 ## - ADDED ENTRY ELEMENTS (KOHA) | |
| Source of classification or shelving scheme | Dewey Decimal Classification |
| Koha item type | Books |
| Withdrawn status | Lost status | Source of classification or shelving scheme | Damaged status | Not for loan | Collection code | Home library | Current library | Date acquired | Source of acquisition | Cost, normal purchase price | Full call number | Barcode | Date last seen | Price effective from | Koha item type |
|---|---|---|---|---|---|---|---|---|---|---|---|---|---|---|---|
| Dewey Decimal Classification | General Text Book | Central University Of Rajasthan | Central University Of Rajasthan | 08/06/2012 | ENG | 25.00 | 616.979201 D55D | 8948 | 21/11/2024 | 02/09/2020 | Books |
